000 02270nam a2200373Ia 4500
001 dia_6260
003 CHAP
005 20251023165203.0
008 220117s2008 xx 000 0 und d
010 _a177723
020 _a978-970-757-098-6
040 _cCHAP
082 _a636.2 O67 2008
111 _aTaller Internacional Nuevas Oportunidades para los Sistemas de Rumiantes de Aptitud Lechera y de Doble Propósito : gestión de recursos, seguridad alimentaria, calidad y acceso de mercados (2006 jun 28-30 : Ixtapan de la Sal, México)
_9162000
245 _aOportunidades y retos para los sistemas campesinos de rumiantes en latinoamérica : manejo de recursos, seguridad alimentaria, calidad y acceso a mercados /
_c Octavio A. Castelán Ortega...[et al.]
260 _aMéxico :
_b Universidad Autónoma del Estado de México,
_c2008
300 _a511 p.
500 _a"Este libro tiene su origen en los trabajos presentados en el Taller Internacional 'Nuevas oportunidades para los sistemas de rumiantes de aptitud lechera y de doble propósito: gestión de recursos, seguridad alimentaria, calidad y acceso a mercados' ... Ixtapan de la Sal, México, del 28 al 30 de junio del 2008"--P. [4] of cover.
503 _aD.
504 _aIncluye bibliografías
590 _aSF55.L29 O67 2008
650 _aAlimentos
_xCalidad
_xAmérica Latina
_xCongresos, conferencias, etc.
_9161993
650 _aFood handling
_xLatin America
_xCongresses
_9161994
650 _aFood
_xQuality
_xLatin America
_xCongresses
_9161995
650 _aManipulación alimentaria
_xAmérica Latina
_xCongresos, conferencias, etc.
_9161996
650 _aRumiantes
_xMercado
_xAmérica Latina
_xCongresos, conferencias, etc.
_9161997
650 _aRuminants
_xMarketing
_xLatin America
_xCongresses
_9161998
700 _aCastelán Ortega, Octavio A., coaut.
_9161999
711 _aTaller Internacional Nuevas Oportunidades para los Sistemas de Rumiantes de Aptitud Lechera y de Doble Propósito : gestión de recursos, seguridad alimentaria, calidad y acceso de mercados (2006 jun 28-30 : Ixtapan de la Sal, México)
_9162000
901 _a636.2 O67 2008
902 _aA
905 _a5232272008 mx admn8223323322spa16
942 _cLIBRO
_2ddc
999 _c177723
_d177723